[Event "GER-chT U20 Girls"]
[Site "Magdeburg"]
[Date "2023.12.28"]
[Round "4.3"]
[White "Malinowsky, Celina"]
[Black "Hoffmann, Sophia"]
[Result "0-1"]
[WhiteElo "1530"]
[BlackElo "1423"]
[PlyCount "50"]
[EventDate "2023.12.26"]
[EventType "team-swiss"]
[EventRounds "7"]
[EventCountry "GER"]
[SourceTitle "CB03_2024"]
[SourceDate "2024.01.17"]
[SourceVersion "1"]
[SourceVersionDate "2024.01.17"]
[SourceQuality "1"]
[WhiteTeam "Luebeck"]
[BlackTeam "Karlsruhe SF"]
[WhiteTeamCountry "GER"]
[BlackTeamCountry "GER"]

1. e4 e5 2. Nf3 Nc6 3. Bc4 Bc5 4. c3 Nf6 5. d3 a6 6. Nbd2 Na5 7. Nxe5 Nxc4 8. Nexc4 d6 9. d4 Ba7 10. 0-0 0-0 11. Re1 Re8 12. Qc2 d5 13. Ne5 dxe4 14. Nxe4 Nxe4 15. Rxe4 Bf5 16. f3 Bxe4 17. fxe4 Rxe5 18. Bf4 Re8 19. Rf1 Qe7 20. e5 Rad8 21. Rf3 c5 22. Rh3 g6 23. Rg3 cxd4 24. Qf2 dxc3 25. Qxa7 cxb2 0-1

[Event "GER-ch U25-B"]
[Site "Willingen"]
[Date "2023.05.31"]
[Round "6"]
[White "Andresen, Eric"]
[Black "Hoffmann, Sophia"]
[Result "1-0"]
[WhiteElo "1526"]
[BlackElo "1315"]
[PlyCount "73"]
[EventDate "2023.05.27"]
[EventType "swiss"]
[EventRounds "9"]
[EventCountry "GER"]
[SourceTitle "CBM 214 Extra"]
[Source "ChessBase"]
[SourceDate "2023.07.31"]
[SourceVersion "1"]
[SourceVersionDate "2023.07.31"]
[SourceQuality "1"]

1. Nf3 d5 2. c4 c6 3. e3 Nf6 4. Nc3 e6 5. b3 Be7 6. Bb2 Nbd7 7. Qc2 Qc7 8. d4 b6 9. Bd3 Bb7 10. h3 Rc8 11. Ne2 Bb4+ 12. Bc3 Bxc3+ 13. Qxc3 c5 14. Rc1 dxc4 15. Qxc4 Ne4 16. Nf4 Ndf6 17. Qa4+ Bc6 18. Bb5 0-0 19. Bxc6 Qxc6 20. Qxc6 Rxc6 21. Ne5 Rcc8 22. dxc5 Nxc5 23. 0-0 Nce4 24. Nc6 Rc7 25. g4 Kh8 26. Ne5 Rb7 27. f3 Nc5 28. Rfd1 h6 29. h4 Kh7 30. g5 Nfd7 31. g6+ fxg6 32. Nexg6 Rf7 33. b4 Na4 34. h5 e5 35. Ne6 Rb8 36. Rxd7 Rxf3 37. Rxg7# 1-0

[Event "GER-ch U25-B"]
[Site "Willingen"]
[Date "2023.05.28"]
[Round "1"]
[White "Koepnick, Amanda"]
[Black "Hoffmann, Sophia"]
[Result "1/2-1/2"]
[WhiteElo "1271"]
[BlackElo "1315"]
[PlyCount "56"]
[EventDate "2023.05.27"]
[EventType "swiss"]
[EventRounds "9"]
[EventCountry "GER"]
[SourceTitle "CBM 214 Extra"]
[Source "ChessBase"]
[SourceDate "2023.07.31"]
[SourceVersion "1"]
[SourceVersionDate "2023.07.31"]
[SourceQuality "1"]

1. e4 e5 2. Nf3 Nc6 3. Bc4 Bc5 4. c3 Nf6 5. d3 d6 6. Bg5 h6 7. Bh4 a6 8. 0-0 g5 9. Bg3 Rg8 10. b4 Ba7 11. Qc1 Bg4 12. Kh1 Bxf3 13. gxf3 Qd7 14. Kg2 h5 15. h3 g4 16. fxg4 0-0-0 17. g5 Nh7 18. h4 Rg7 19. Nd2 f6 20. gxf6 Nxf6 21. Nf3 d5 22. exd5 Nxd5 23. Kh2 Qg4 24. Ng5 Nf4 25. Bxf4 Qxh4+ 26. Nh3 exf4 27. Qxf4 Qxf4+ 28. Nxf4 Rg4 1/2-1/2

[Event "GER-chT U16"]
[Site "Darmstadt"]
[Date "2022.12.28"]
[Round "3"]
[White "Sanmugalingam, Kapirththan"]
[Black "Hoffmann, Sophia"]
[Result "1-0"]
[WhiteElo "1693"]
[BlackElo "1352"]
[PlyCount "69"]
[EventDate "2022.12.26"]
[EventType "team-swiss"]
[EventRounds "7"]
[EventCountry "GER"]
[SourceTitle "CBM 212 Extra"]
[Source "ChessBase"]
[SourceDate "2023.03.31"]
[SourceVersion "1"]
[SourceVersionDate "2023.03.31"]
[SourceQuality "1"]
[WhiteTeam "Neureut"]
[BlackTeam "Karlsruhe"]
[WhiteTeamCountry "GER"]
[BlackTeamCountry "GER"]

1. e4 e5 2. Nf3 Nc6 3. Bc4 Bc5 4. b4 Bxb4 5. c3 Ba5 6. d4 exd4 7. Qb3 Qf6 8. 0-0 Nge7 9. cxd4 0-0 10. e5 Qf5 11. Ng5 Nxd4 12. Qg3 Ng6 13. Bd3 Qxe5 14. Qh3 h6 15. Bxg6 fxg6 16. f4 Ne2+ 17. Kh1 Qxa1 18. Qb3+ Kh8 19. Bb2 Rxf4 20. Rd1 Nd4 21. Qe3 Qxa2 22. Qxf4 hxg5 23. Qxd4 Qf7 24. Qe5 Bb6 25. Nd2 d6 26. Qxg5 Be6 27. Rf1 Bf5 28. Ne4 Re8 29. Qh4+ Kg8 30. Ng5 Qd7 31. Qh7+ Kf8 32. Qxg6 Re1 33. Nh7+ Kg8 34. Nf6+ Kh8 35. Qh5+ 1-0

[Event "GER-chT Lands U20"]
[Site "Wiesbaden"]
[Date "2022.10.03"]
[Round "6.6"]
[White "Hoffmann, Sophia"]
[Black "Gavrylyuk, Oleksandr"]
[Result "1-0"]
[WhiteElo "1258"]
[BlackElo "1263"]
[PlyCount "85"]
[EventDate "2022.09.30"]
[EventType "team-swiss"]
[EventRounds "7"]
[EventCountry "GER"]
[SourceTitle "CBM 210 Extra"]
[Source "ChessBase"]
[SourceDate "2022.11.30"]
[SourceVersion "1"]
[SourceVersionDate "2022.11.30"]
[SourceQuality "1"]
[WhiteTeam "Baden U20 II"]
[BlackTeam "Mecklenburg Vorpommern U20"]
[WhiteTeamCountry "GER"]
[BlackTeamCountry "GER"]

1. d4 d5 2. Bf4 c6 3. c3 Nf6 4. Nf3 Bf5 5. Nbd2 e6 6. e3 Nbd7 7. Be2 Be7 8. 0-0 0-0 9. Ne5 Nxe5 10. Bxe5 Nd7 11. Bg3 c5 12. Bg4 Bg6 13. Rc1 b5 14. Nf3 a5 15. a4 b4 16. cxb4 cxb4 17. Rc7 Nb6 18. Rb7 Rc8 19. Ra7 Nc4 20. b3 Na3 21. Qe2 Bc2 22. Rc1 Bd6 23. Nd2 Bxg3 24. hxg3 Qb6 25. Qa6 Qxa6 26. Rxa6 Bd3 27. Rxc8 Bxa6 28. Rc5 f5 29. Rxa5 fxg4 30. Rxa6 Rc8 31. Kf1 Rc2 32. Ke1 Rc1+ 33. Ke2 Rc2 34. Kd1 Rb2 35. Rxe6 Nb1 36. Nxb1 Rxb1+ 37. Kc2 Rf1 38. Rb6 Rxf2+ 39. Kd3 Rxg2 40. Rxb4 Rxg3 41. a5 Rg2 42. a6 Ra2 43. Ra4 1-0

[Event "GER-chT Lands U20"]
[Site "Wiesbaden"]
[Date "2022.10.01"]
[Round "2.5"]
[White "Hoffmann, Sophia"]
[Black "Czaeczine, Paula"]
[Result "1-0"]
[WhiteElo "1258"]
[BlackElo "1322"]
[PlyCount "39"]
[EventDate "2022.09.30"]
[EventType "team-swiss"]
[EventRounds "7"]
[EventCountry "GER"]
[SourceTitle "CBM 210 Extra"]
[Source "ChessBase"]
[SourceDate "2022.11.30"]
[SourceVersion "1"]
[SourceVersionDate "2022.11.30"]
[SourceQuality "1"]
[WhiteTeam "Baden U20 II"]
[BlackTeam "Sachsen U20"]
[WhiteTeamCountry "GER"]
[BlackTeamCountry "GER"]

1. d4 d5 2. Bf4 Nf6 3. Nf3 c5 4. c3 Nc6 5. e3 e6 6. Nbd2 Be7 7. Bd3 0-0 8. 0-0 Bd7 9. Ne5 Be8 10. Qf3 Bd6 11. Qh3 c4 12. Bc2 Qc7 13. Ng4 Ne4 14. Nxe4 dxe4 15. Nf6+ gxf6 16. Qg3+ Kh8 17. Bxd6 Rg8 18. Bxc7 Rxg3 19. Bxg3 f5 20. Rad1 1-0

[Event "GER-ch U14 Girls"]
[Site "Willingen"]
[Date "2022.06.10"]
[Round "8"]
[White "Hoffmann, Sophia"]
[Black "Marrufo, Emilia"]
[Result "1-0"]
[WhiteElo "1289"]
[BlackElo "998"]
[PlyCount "121"]
[EventDate "2022.06.04"]
[EventType "swiss"]
[EventRounds "9"]
[EventCountry "GER"]
[SourceTitle "CBM 208 Extra"]
[Source "ChessBase"]
[SourceDate "2022.07.31"]
[SourceVersion "1"]
[SourceVersionDate "2022.07.31"]
[SourceQuality "1"]

1. d4 d5 2. Bf4 Nf6 3. Nf3 Bg4 4. e3 e6 5. c4 c5 6. Qb3 Qb6 7. Qxb6 axb6 8. Nc3 Nc6 9. Nb5 Rc8 10. a3 Be7 11. Be2 0-0 12. 0-0 Ne4 13. Rfd1 Rfd8 14. Rac1 Bd6 15. Nxd6 Nxd6 16. cxd5 exd5 17. dxc5 bxc5 18. Rxc5 Ne4 19. Rcxd5 Rxd5 20. Rxd5 Rd8 21. Rxd8+ Nxd8 22. Nd4 Bxe2 23. Nxe2 Ne6 24. Be5 N6c5 25. Nf4 f6 26. Bd4 Nb3 27. Kf1 Nxd4 28. exd4 Nd2+ 29. Ke2 Nc4 30. Nd3 Kf7 31. Kf3 Ke6 32. Nc5+ Kd5 33. Nxb7 Kxd4 34. a4 Kd5 35. b4 Kc6 36. Na5+ Nxa5 37. bxa5 Kb7 38. Ke4 Ka6 39. Kf5 Kxa5 40. Ke6 Kxa4 41. Kf7 Kb3 42. Kxg7 Kc2 43. Kxf6 Kd2 44. Kg7 Ke2 45. Kxh7 Kxf2 46. g4 Kg2 47. g5 Kxh2 48. g6 Kg3 49. g7 Kf2 50. g8Q Ke2 51. Qg3 Kd2 52. Qf3 Kc2 53. Qe3 Kb2 54. Qd3 Ka1 55. Qd2 Kb1 56. Kg6 Ka1 57. Kf5 Kb1 58. Ke4 Ka1 59. Kd4 Kb1 60. Kc3 Ka1 61. Qb2# 1-0

[Event "GER-ch U14 Girls"]
[Site "Willingen"]
[Date "2022.06.09"]
[Round "7"]
[White "Hoffmann, Sophia"]
[Black "Heuberger, Sandra"]
[Result "1/2-1/2"]
[WhiteElo "1289"]
[BlackElo "1101"]
[PlyCount "83"]
[EventDate "2022.06.04"]
[EventType "swiss"]
[EventRounds "9"]
[EventCountry "GER"]
[SourceTitle "CBM 208 Extra"]
[Source "ChessBase"]
[SourceDate "2022.07.31"]
[SourceVersion "1"]
[SourceVersionDate "2022.07.31"]
[SourceQuality "1"]

1. d4 d5 2. Bf4 Nf6 3. Nf3 e6 4. c4 Bd6 5. Bg3 0-0 6. e3 b6 7. Bd3 dxc4 8. Bxc4 Bb7 9. 0-0 Bxg3 10. fxg3 Ng4 11. Qe2 Nd7 12. Nbd2 c5 13. Rad1 cxd4 14. exd4 Rc8 15. Bxe6 Qe8 16. h3 Ngf6 17. Bc4 Qxe2 18. Bxe2 Nd5 19. Rc1 Rce8 20. Bc4 N7f6 21. Ne5 Rd8 22. Ndf3 h6 23. Rfd1 a6 24. a4 Nd7 25. Kf2 N5f6 26. g4 Ne4+ 27. Ke3 Nd6 28. Ba2 Nxe5 29. dxe5 Rfe8 30. Kf4 g5+ 31. Ke3 Bxf3 32. gxf3 Rxe5+ 33. Kf2 Ra5 34. b3 Rc5 35. Rxc5 bxc5 36. Rd5 Nb7 37. Rxd8+ Nxd8 38. Bb1 Nc6 39. Ke3 Na5 40. Ba2 Nc6 41. Ke4 Kg7 42. f4 1/2-1/2

[Event "GER-chT Christmas U20 Girls"]
[Site "Playchess.com INT"]
[Date "2020.12.29"]
[Round "5.4"]
[White "Fritsch, Lea"]
[Black "Hoffmann, Sophia"]
[Result "1-0"]
[WhiteElo "1644"]
[BlackElo "1266"]
[PlyCount "69"]
[EventDate "2020.12.29"]
[EventType "team-swiss (blitz)"]
[EventRounds "7"]
[EventCountry "GER"]
[SourceTitle "CBM 200 Extra"]
[Source "ChessBase"]
[SourceDate "2021.03.31"]
[SourceVersion "1"]
[SourceVersionDate "2021.03.31"]
[SourceQuality "1"]
[WhiteTeam "Halle USV"]
[BlackTeam "Karlsruhe"]
[WhiteTeamCountry "GER"]
[BlackTeamCountry "GER"]

1. e4 e5 2. Nf3 Nc6 3. Bc4 Bc5 4. c3 d6 5. d3 Be6 6. Bb3 Nf6 7. Nbd2 0-0 8. Nf1 Bxb3 9. Qxb3 Ng4 10. Ne3 Nxe3 11. Bxe3 Bb6 12. 0-0 Kh8 13. Rfe1 f5 14. Nd2 Ba5 15. Nc4 f4 16. Bd2 Qf6 17. Nxa5 Nxa5 18. Qb5 b6 19. Rad1 Qg6 20. d4 f3 21. g3 Qh5 22. Qf1 c5 23. dxc5 dxc5 24. b4 cxb4 25. cxb4 Nc6 26. Bc3 a5 27. b5 Ne7 28. Rd6 Rf6 29. Rxf6 gxf6 30. Re3 f5 31. exf5 Qxf5 32. Rxe5 Qf8 33. Rxe7+ Kg8 34. Qc4+ Qf7 35. Qxf7# 1-0

[Event "GER-chT Christmas U20 Girls"]
[Site "Playchess.com INT"]
[Date "2020.12.29"]
[Round "4.4"]
[White "Hoffmann, Sophia"]
[Black "Genova, Magdalina"]
[Result "1/2-1/2"]
[WhiteElo "1266"]
[BlackElo "1341"]
[PlyCount "147"]
[EventDate "2020.12.29"]
[EventType "team-swiss (blitz)"]
[EventRounds "7"]
[EventCountry "GER"]
[SourceTitle "CBM 200 Extra"]
[Source "ChessBase"]
[SourceDate "2021.03.31"]
[SourceVersion "1"]
[SourceVersionDate "2021.03.31"]
[SourceQuality "1"]
[WhiteTeam "Karlsruhe"]
[BlackTeam "Hamburger SK"]
[WhiteTeamCountry "GER"]
[BlackTeamCountry "GER"]

1. d4 Nf6 2. Bf4 e6 3. c4 c5 4. e3 cxd4 5. exd4 d6 6. Nc3 b6 7. Nf3 Bb7 8. Bd3 Be7 9. 0-0 0-0 10. Bc2 a6 11. d5 e5 12. Bg5 Nbd7 13. Qd3 Nc5 14. Qe2 Ncd7 15. Ne4 Nh5 16. Bxe7 Qxe7 17. Qd3 Nf4 18. Qe3 Nf6 19. Nxf6+ Qxf6 20. g3 Ng6 21. Nd2 Bc8 22. f4 Bh3 23. fxe5 Qxe5 24. Qf3 Bxf1 25. Rxf1 Qd4+ 26. Rf2 Rae8 27. Ne4 Ne5 28. Qf5 Nd3 29. Bxd3 Rxe4 30. Qxe4 Qxe4 31. Bxe4 Re8 32. Bd3 Re1+ 33. Kg2 Rd1 34. Re2 Kf8 35. Bc2 Rd4 36. b3 b5 37. cxb5 axb5 38. a4 bxa4 39. bxa4 Rxd5 40. Bb3 Ra5 41. Kf2 d5 42. Ra2 d4 43. Ke2 Ke7 44. Kd3 Kd6 45. Kc4 f6 46. Kxd4 g6 47. h4 Kc6 48. Bc4 Kb6 49. Bb5 h6 50. Kd5 g5 51. Ke6 gxh4 52. gxh4 f5 53. Kxf5 Ra7 54. Kg6 h5 55. Kxh5 Rh7+ 56. Kg5 Rh8 57. h5 Ka5 58. Kg6 Rg8+ 59. Kf7 Rg5 60. h6 Rh5 61. Kg6 Rh4 62. h7 Kb6 63. Bc4 Kc5 64. Bg8 Kd6 65. a5 Ke7 66. a6 Rg4+ 67. Kf5 Rh4 68. a7 Rxh7 69. a8Q Rh5+ 70. Kg6 Rh6+ 71. Kxh6 Kd6 72. Ra5 Ke7 73. Qc6 Kd8 74. Ra7 1/2-1/2

[Event "GER-chT Christmas U20 Girls"]
[Site "Playchess.com INT"]
[Date "2020.12.29"]
[Round "7.4"]
[White "Leongardt, Adel"]
[Black "Hoffmann, Sophia"]
[Result "0-1"]
[WhiteElo "1157"]
[BlackElo "1266"]
[PlyCount "40"]
[EventDate "2020.12.29"]
[EventType "team-swiss (blitz)"]
[EventRounds "7"]
[EventCountry "GER"]
[SourceTitle "CBM 200 Extra"]
[Source "ChessBase"]
[SourceDate "2021.03.31"]
[SourceVersion "1"]
[SourceVersionDate "2021.03.31"]
[SourceQuality "1"]
[WhiteTeam "Oberschoeneweide"]
[BlackTeam "Karlsruhe"]
[WhiteTeamCountry "GER"]
[BlackTeamCountry "GER"]

1. e4 e5 2. Bc4 Bc5 3. Nf3 Nc6 4. Nc3 d6 5. Nd5 Be6 6. d3 Nf6 7. Nxf6+ Qxf6 8. Bxe6 fxe6 9. Bg5 Qg6 10. Qd2 0-0 11. 0-0-0 a5 12. Rhg1 a4 13. a3 b5 14. Kb1 b4 15. axb4 Bxb4 16. Qe2 a3 17. bxa3 Bxa3 18. Qe3 Rfb8+ 19. Ka2 Bc1+ 20. Qa7 Rxa7# 0-1

[Event "GER-chT Christmas U20 Girls"]
[Site "Playchess.com INT"]
[Date "2020.12.29"]
[Round "1.4"]
[White "Pavlov, Liliane"]
[Black "Hoffmann, Sophia"]
[Result "1-0"]
[WhiteElo "1740"]
[BlackElo "1266"]
[PlyCount "47"]
[EventDate "2020.12.29"]
[EventType "team-swiss (blitz)"]
[EventRounds "7"]
[EventCountry "GER"]
[SourceTitle "CBM 200 Extra"]
[Source "ChessBase"]
[SourceDate "2021.03.31"]
[SourceVersion "1"]
[SourceVersionDate "2021.03.31"]
[SourceQuality "1"]
[WhiteTeam "Regensburg Bavaria"]
[BlackTeam "Karlsruhe"]
[WhiteTeamCountry "GER"]
[BlackTeamCountry "GER"]

1. d4 d5 2. c4 c5 3. Nf3 Nc6 4. cxd5 Qxd5 5. Nc3 Qd8 6. d5 Nb4 7. a3 Qa5 8. Bd2 Na6 9. e4 e6 10. Nb5 Qb6 11. Qa4 Bd7 12. Ba5 Qxb5 13. Bxb5 Bxb5 14. Qxb5+ Ke7 15. Qxb7+ Kf6 16. Bc3+ Kg6 17. dxe6 fxe6 18. Qxa8 Nf6 19. Ne5+ Kh6 20. Bd2+ Kh5 21. h4 Bd6 22. Qxh8 Bxe5 23. Qxg7 Nxe4 24. g4# 1-0

[Event "GER Pfingstopen U12"]
[Site "Playchess.com INT"]
[Date "2020.06.02"]
[Round "10"]
[White "Hoffmann, Sophia"]
[Black "Muendoerfer, Sebastian"]
[Result "0-1"]
[WhiteElo "1620"]
[BlackElo "1548"]
[PlyCount "106"]
[EventDate "2020.06.02"]
[EventType "swiss (blitz)"]
[EventRounds "11"]
[EventCountry "GER"]
[SourceTitle "CBM 197 Extra"]
[Source "ChessBase"]
[SourceDate "2020.09.30"]
[SourceVersion "1"]
[SourceVersionDate "2020.09.30"]
[SourceQuality "1"]

1. d4 Nf6 2. Nc3 e6 3. Bg5 Bb4 4. Nf3 0-0 5. e3 h6 6. Bh4 b6 7. Bd3 Bb7 8. 0-0 d5 9. h3 c5 10. Nh2 c4 11. Be2 Nc6 12. f4 Bxc3 13. bxc3 b5 14. f5 Qa5 15. Bxf6 gxf6 16. fxe6 fxe6 17. Bh5 Qxc3 18. Be2 Qxe3+ 19. Kh1 Qg5 20. Ng4 f5 21. Ne5 Nxe5 22. dxe5 d4 23. Bf3 Bxf3 24. Rxf3 Kh7 25. Qxd4 Rg8 26. Rg1 Rad8 27. Qxa7+ Kh8 28. Qb6 Rd1 29. Kh2 Rxg1 30. Qxg1 f4 31. Rf2 Qxe5 32. Qd1 f3+ 33. Kg1 fxg2 34. Rxg2 Qe3+ 35. Kh1 Qxh3+ 36. Rh2 Qe3 37. Rg2 Qe4 38. Qf1 Qxg2+ 39. Qxg2 Rxg2 40. Kxg2 Kg7 41. Kf3 Kg6 42. Kg4 e5 43. Kf3 Kf5 44. Ke3 h5 45. Kf3 e4+ 46. Kg3 Kg5 47. c3 h4+ 48. Kf2 Kf4 49. a3 e3+ 50. Ke2 h3 51. Kf1 Kf3 52. a4 h2 53. axb5 h1Q# 0-1

[Event "GER-ch U12 Girls"]
[Site "Willingen"]
[Date "2019.06.09"]
[Round "2"]
[White "Wilmink, Anna"]
[Black "Hoffmann, Sophia"]
[Result "1-0"]
[WhiteElo "1466"]
[BlackElo "1347"]
[PlyCount "125"]
[EventDate "2019.06.08"]
[EventType "swiss"]
[EventRounds "9"]
[EventCountry "GER"]
[SourceTitle "CBM 191 Extra"]
[Source "ChessBase"]
[SourceDate "2019.09.30"]
[SourceVersion "1"]
[SourceVersionDate "2019.09.30"]
[SourceQuality "1"]

1. e4 e5 2. Nf3 Nc6 3. d4 exd4 4. Nxd4 Bc5 5. Be3 Qf6 6. c3 Nge7 7. Bc4 b6 8. b4 Bd6 9. Nd2 Bb7 10. N2f3 Nxd4 11. Bxd4 Qg6 12. e5 Qxg2 13. Rg1 Qxf3 14. Qxf3 Bxf3 15. exd6 cxd6 16. Rxg7 Bh5 17. Rg5 Bg6 18. Bxh8 Nf5 19. Kf1 Nh4 20. Bd5 0-0-0 21. Bf6 Bd3+ 22. Kg1 Re8 23. Rg3 Be4 24. Bxf7 Rf8 25. Rg8 Rxg8+ 26. Bxg8 Nf3+ 27. Kf1 Nxh2+ 28. Ke2 h6 29. Bh4 Kc7 30. Ke3 Bc6 31. c4 a5 32. b5 Bb7 33. Bd5 Ng4+ 34. Kf4 Ne5 35. Bf6 Nd3+ 36. Ke3 Bxd5 37. cxd5 Nb4 38. Ke4 a4 39. Bb2 Kd8 40. a3 Nxd5 41. Kxd5 Ke7 42. Bg7 h5 43. Rh1 Kf7 44. Bh6 Kg6 45. Be3 Kf5 46. Rxh5+ Kg4 47. Rh6 Kf3 48. Kxd6 Ke4 49. Rh4+ Kd3 50. Rxa4 Kc3 51. f4 Kb3 52. Ra8 Kc4 53. Bxb6 Kxb5 54. Bd8 Kc4 55. f5 Kd4 56. f6 Kc4 57. f7 Kd4 58. f8Q Ke4 59. Ra4+ Kd3 60. Qf3+ Kc2 61. Rh4 Kb2 62. Rh2+ Kc1 63. Qf1# 1-0

[Event "GER-chT U12"]
[Site "Magdeburg"]
[Date "2018.12.30"]
[Round "7.4"]
[White "Hoffmann, Sophia"]
[Black "Otto, Kian"]
[Result "1/2-1/2"]
[WhiteElo "1077"]
[BlackElo "1101"]
[PlyCount "154"]
[EventDate "2018.12.27"]
[EventType "team-swiss"]
[EventRounds "7"]
[EventCountry "GER"]
[SourceTitle "CBM 188 Extra"]
[Source "ChessBase"]
[SourceDate "2019.02.26"]
[SourceVersion "1"]
[SourceVersionDate "2019.02.26"]
[SourceQuality "1"]
[WhiteTeam "Karlsruhe SF"]
[BlackTeam "Muldental Wilkau Hasslau"]
[WhiteTeamCountry "GER"]
[BlackTeamCountry "GER"]

1. d4 d5 2. Nc3 Nf6 3. Bf4 a6 4. e3 e6 5. Bd3 Bb4 6. Nf3 Ne4 7. Bxe4 dxe4 8. Nd2 Bxc3 9. bxc3 Nc6 10. Nxe4 Bd7 11. Rb1 b5 12. 0-0 0-0 13. Qf3 Rc8 14. Qg3 Kh8 15. Nc5 Na5 16. Nxa6 Nc4 17. Rfe1 Na3 18. Rbc1 Bc6 19. Nxc7 Qf6 20. Na6 Qf5 21. Nb4 Bb7 22. Be5 f6 23. Bd6 Rfe8 24. Bc5 Qe4 25. f3 Qf5 26. Qg4 Qxg4 27. fxg4 Nc4 28. Nd3 Nd2 29. Re2 Ne4 30. Bb4 Nxc3 31. Bxc3 Rxc3 32. Rf1 Kg8 33. Nc5 Bd5 34. a4 bxa4 35. Nxa4 Ra3 36. Nc5 Bc4 37. Nd3 Bxd3 38. cxd3 Rxd3 39. Kf2 e5 40. dxe5 Rxe5 41. Kf3 g5 42. Rc1 Re8 43. Rc6 Kg7 44. Rc7+ Kg6 45. g3 Rf8 46. Rc6 h5 47. Ke4 Rd1 48. gxh5+ Kxh5 49. Kf5 Rf1+ 50. Ke6 Kg6 51. e4 Rd1 52. Ke7 Rdd8 53. Rxf6+ Rxf6 54. Kxd8 Rf7 55. h4 gxh4 56. gxh4 Kf6 57. h5 Ke6 58. Ke8 Ra7 59. Kd8 Kd6 60. Rd2+ Ke6 61. Rc2 Kd6 62. Rd2+ Ke6 63. Rg2 Kd6 64. Rg6+ Ke5 65. Ke8 Kxe4 66. Kf8 Kf5 67. Rc6 Ra8+ 68. Kg7 Ra7+ 69. Kh6 Rb7 70. Rg6 Rf7 71. Rg7 Rf6+ 72. Rg6 Rf7 73. Rg2 Kf6 74. Rc2 Kf5 75. Rc5+ Kf6 76. Rc3 Kf5 77. Rg3 Kf6 1/2-1/2

[Event "GER-chT U12"]
[Site "Magdeburg"]
[Date "2018.12.29"]
[Round "6.4"]
[White "Hoerhager Celjo, Denis"]
[Black "Hoffmann, Sophia"]
[Result "1-0"]
[WhiteElo "1238"]
[BlackElo "1077"]
[PlyCount "145"]
[EventDate "2018.12.27"]
[EventType "team-swiss"]
[EventRounds "7"]
[EventCountry "GER"]
[SourceTitle "CBM 188 Extra"]
[Source "ChessBase"]
[SourceDate "2019.02.26"]
[SourceVersion "1"]
[SourceVersionDate "2019.02.26"]
[SourceQuality "1"]
[WhiteTeam "Duesseldorf SV"]
[BlackTeam "Karlsruhe SF"]
[WhiteTeamCountry "GER"]
[BlackTeamCountry "GER"]

1. e4 e5 2. Nf3 Nc6 3. Bc4 Nf6 4. Ng5 d5 5. exd5 Nxd5 6. Nxf7 Kxf7 7. Qf3+ Ke6 8. Nc3 Ncb4 9. Qe4 c6 10. d4 Qd6 11. a3 Na6 12. 0-0 Be7 13. Re1 Bf6 14. dxe5 Bxe5 15. f4 Nc5 16. Qxe5+ Qxe5 17. fxe5 Nd7 18. Bf4 Rf8 19. Bg3 Rf5 20. Rad1 N7b6 21. Bxd5+ cxd5 22. Nb5 Rf7 23. Nd4+ Ke7 24. Bh4+ Ke8 25. e6 Rc7 26. Nf5 a5 27. Nd6+ Kf8 28. e7+ Rxe7 29. Bxe7+ Kg8 30. Bd8 Bd7 31. Bxb6 Ba4 32. b3 Bc6 33. Nf5 Rf8 34. Ne7+ Kh8 35. Nxc6 bxc6 36. Rf1 Re8 37. Bc5 Kg8 38. Rf2 h6 39. Rdf1 Kh7 40. Bd4 Re7 41. Rf7 Rxf7 42. Rxf7 Kg6 43. Rxg7+ Kf5 44. Rc7 Ke4 45. Bb6 Ke5 46. Rxc6 h5 47. Bxa5 d4 48. Rc5+ Ke4 49. Rxh5 d3 50. cxd3+ Kxd3 51. Rc5 Kd4 52. Rc4+ Kd5 53. h4 Ke5 54. g4 Kf6 55. Rc6+ Ke5 56. Bd2 Kd4 57. Rf6 Ke5 58. Rf1 Ke4 59. h5 Kd3 60. h6 Kxd2 61. h7 Ke3 62. h8Q Ke4 63. Qe8+ Kd3 64. Rd1+ Kc2 65. Rd7 Kb2 66. Rc7 Ka2 67. Qe2+ Kxa3 68. b4 Ka4 69. b5 Kb4 70. b6 Ka4 71. b7 Ka5 72. b8Q Ka4 73. Qa6# 1-0

[Event "GER-ch U10 Girls"]
[Site "Willingen"]
[Date "2018.05.25"]
[Round "10"]
[White "Hoffmann, Sophia"]
[Black "Arnold, Rubina"]
[Result "0-1"]
[WhiteElo "1072"]
[BlackElo "1133"]
[PlyCount "74"]
[EventDate "2018.05.19"]
[EventType "swiss"]
[EventRounds "11"]
[EventCountry "GER"]
[SourceTitle "CBM 184 Extra"]
[Source "ChessBase"]
[SourceDate "2018.06.28"]
[SourceVersion "1"]
[SourceVersionDate "2018.06.28"]
[SourceQuality "1"]

1. d4 d5 2. Nc3 Nc6 3. Bf4 a6 4. e3 Bf5 5. f3 Nf6 6. g4 Bg6 7. h4 h6 8. Bd3 Bxd3 9. Qxd3 e6 10. 0-0-0 Bd6 11. Bxd6 Qxd6 12. Nge2 0-0-0 13. e4 dxe4 14. fxe4 Nxg4 15. Rhg1 Nf2 16. Qf3 Nxd1 17. Rxd1 g6 18. d5 f6 19. Qg2 Ne5 20. Kb1 f5 21. Nf4 exd5 22. Nfxd5 Nc4 23. Qe2 Nb6 24. Ne3 Qe5 25. Rg1 Rhg8 26. Nf1 fxe4 27. Rg3 Kb8 28. Ne3 Qxg3 29. a3 g5 30. Nxe4 Qxh4 31. Nf5 Qh1+ 32. Ka2 Qd1 33. Qe3 Qd5+ 34. b3 Qxf5 35. Ng3 Qxc2+ 36. Ka1 Rd1+ 37. Qc1 Rxc1# 0-1